000 00919nam a2200253 i 4500
001 114657
003 ES-MaACL
005 20230906190222.0
007 t|
008 070319s1912 fr ||||1| fre d
080 _a782.8
100 1 _aWilner, Alfred Maria.
_9117005
245 1 3 _aLe comte de Luxembourg
_b: opérette en 3 actes /
_clivret de A. M. Willner et R. Bodansky ; adaptation française de R. de Flers et G.-A. de Caillavet ; textes chantés de M.Jean Benedict ; musique de Franz Lehar.
260 _aParis :
_bMax Eschig,
_c[1912]
300 _a157 p. ;
_c19 cm.
500 _aBiblioteca Jacinto Martínez Lacalle.
650 1 4 _aOperetas.
_915719
700 1 _aBodansky, Robert.
_929685
700 1 _aFlers, Robert de.
_951180
700 1 _aCaillavet, Gaston-Arman de.
_9139185
700 1 _aBénédict, Jean.
_927500
700 0 _aLehár, Franz.
_971322
852 _aES-MaACL
_jE-11643
_bR.139676
999 _c114657
_d114657